Výskum na ďiaľničnom [!] uzle v Beluši

Bibliographic Details
Main Author: Vlkolinská, Ivona (Author)
Format: Article
Language:Slovak
PhysicalDescription:Mp., tab. na s. 13-18. Fotogr., obr. na s. 155-243
ISBN:8088709490
Subjects:

MARC

LEADER 00000nab a2200000 a 4500
001 vtls000819218
003 SK-MaSNL
005 20260304105104.0
008 250429c2000 xo 0 slo
015 |a SNBRA2002/12-41973 
035 |a CLN000170873 
035 |a urn:nbn:sk:snk-abp7z 
035 |a (urnnbn)urn:nbn:sk:snk:ar-a03yq1 
035 |a (uuid)996f39e0-0358-480b-bb5f-cc59086ee335 
040 |a SNKBUCL  |b slo  |c SNKBUCL  |e AACR2 
041 0 |a slo 
044 |a xo  |c SK 
080 |a 904(437.6):902  |2 1997 
080 |a 902.2(437.6)  |2 1997 
100 1 |a Vlkolinská, Ivona  |4 aut  |9 8846 
245 1 0 |a Výskum na ďiaľničnom [!] uzle v Beluši  |c Ivona Vlkolinská 
300 |b Mp., tab. na s. 13-18. Fotogr., obr. na s. 155-243 
504 |a Bibliogr. odkazy 
546 |a Res. nem. 
650 0 7 |a sídliská (archeológia)  |2 snkbucl  |9 67918 
650 0 7 |a doba rímska  |2 snkbucl  |9 85771 
650 0 7 |a archeologické výskumy  |2 snkbucl  |9 74796 
651 7 |a Beluša (Slovensko)  |2 snkbucl  |9 16795 
773 0 |t Archeologické výskumy a nálezy na Slovensku v roku 1999  |d Nitra : Archeologický ústav SAV, 2000  |g S. 154  |z 8088709490 
850 |a Slovenská národná knižnica 
852 |a Slovenská národná knižnica 
954 |a odborná, vedecká literatúra pôvodná (slovenská)  |2 lita 
958 |a article2022 
958 |a NB 
958 |a OND 
958 |a EUIPO 
999 |c 2854213  |d 2856143